| 000 | 00740nam a22002177a 4500 | ||
|---|---|---|---|
| 005 | 20230404064734.0 | ||
| 008 | 230404b |||||||| |||| 00| 0 eng d | ||
| 020 | _a978-971-9905-81-3 | ||
| 082 | _aFil. 641.71 R457 2014 | ||
| 100 |
_aReyes, Ruth Estrada J. _eauthor |
||
| 245 |
_aBaking and pastry arts / _cRuth Estrada Javier-Reyes; contributors Luzette T. Mijares, Juvelyn J. Magadia, Edward D. Mateo |
||
| 260 |
_aManila: _bMindshapers, _cc2014. |
||
| 300 |
_axi, 231p.: _bill. |
||
| 504 | _aIncludes bibliographical references | ||
| 541 | _e4276 | ||
| 650 | _aBaking | ||
| 650 | _aPastry | ||
| 700 |
_aMijares, Luzette T. _econtributors |
||
| 700 |
_a Magadia, Juvelyn J. _econtributors |
||
| 700 |
_a Mateo, Edward D. _econtributors |
||
| 999 |
_c2114 _d2114 |
||